| 000 | 01106nam a2200289 a 4500 | ||
|---|---|---|---|
| 001 | ebr10728972 | ||
| 003 | CaPaEBR | ||
| 006 | m o u | ||
| 007 | cr cn||||||||| | ||
| 008 | 130809s2012 gw ad sb 001 0 eng d | ||
| 020 | _z9783868381375 | ||
| 020 | _z9783110319996 | ||
| 020 | _z9783110320206 (e-book) | ||
| 040 |
_aCaPaEBR _cCaPaEBR |
||
| 035 | _a(OCoLC)854858938 | ||
| 050 | 1 | 4 |
_aB29 _b.R47 2012eb |
| 100 | 1 | _aRescher, Nicholas. | |
| 245 | 1 | 0 |
_aOn the nature of philosophy and other philosophical essays _h[electronic resource] / _cNicholas Rescher. |
| 260 |
_aFrankfurt : _bOntos Verlag, _c2012. |
||
| 300 |
_a129 p. : _bill. |
||
| 504 | _aIncludes bibliographical references and index. | ||
| 533 |
_aElectronic reproduction. _bPalo Alto, Calif. : _cebrary, _d2013. _nAvailable via World Wide Web. _nAccess may be limited to ebrary affiliated libraries. |
||
| 650 | 0 | _aPhilosophy. | |
| 655 | 7 |
_aElectronic books. _2local |
|
| 710 | 2 | _aebrary, Inc. | |
| 856 | 4 | 0 |
_uhttp://site.ebrary.com/lib/rucke/Doc?id=10728972 _zAn electronic book accessible through the World Wide Web; click to view |
| 999 |
_c36642 _d36642 |
||